Disposiciones legales relativos a los juegos florales de El Salvador/ (Registro nro. 9739)
[ vista simple ]
| 000 -LEADER | |
|---|---|
| fixed length control field | 01538nam a2200181Ia 4500 |
| 005 - FECHA Y HORA DE LA ÚLTIMA TRANSACCIÓN | |
| control field | 20231012165251.0 |
| 008 - FIXED-LENGTH DATA ELEMENTS--GENERAL INFORMATION | |
| fixed length control field | 231011s9999 xx 000 0 und d |
| 040 ## - CATALOGING SOURCE | |
| Original cataloging agency | UPAN |
| Transcribing agency | Biblioteca San Vicente |
| Description conventions | RCAA2 |
| 041 ## - LANGUAGE CODE | |
| Language code of text/sound track or separate title | spa |
| 082 ## - DEWEY DECIMAL CLASSIFICATION NUMBER | |
| Classification number | 340 |
| Item number | C674d |
| año de publicación | 2005 |
| 110 ## - MAIN ENTRY--CORPORATE NAME | |
| Corporate name or jurisdiction name as entry element | Consejo Nacional para la Cultura y el Arte |
| Relator code | aut. |
| 245 #0 - TITLE STATEMENT | |
| Title | Disposiciones legales relativos a los juegos florales de El Salvador/ |
| Statement of responsibility, etc | Consejo Nacional para la Cultura y el Arte |
| 260 ## - PUBLICATION, DISTRIBUTION, ETC. (IMPRINT) | |
| Place of publication, distribution, etc | CONCULTURA: |
| Name of publisher, distributor, etc | El Salvador, |
| Date of publication, distribution, etc | 2005 |
| 300 ## - PHYSICAL DESCRIPTION | |
| Extent | 30 p.; |
| Dimensions | 28 cm. |
| 505 ## - FORMATTED CONTENTS NOTE | |
| Formatted contents note | Segùn los registros de la historia literaria mundial, las competencias literarias conocidas como Juegos Florales fueron iniciadas en la localidad provenzal de Toulouse (Francia), ene l siglo XVI. Aunque su creaciòn y mantenimiento inicial le son atribuidos a una legendaria dama tolosana, Clemencia Isaura, solo hay certeza de que fue un grupo de siete trovadores el que dio origen a las Academia de los Juegos Florales de Toulouse. Es asi, como el Consejo Nacional para la Cultura y el Arte, CONCULTURA, A travès de la Direcciòn Nacional de espacios de Desarrollo Cultural, las casas de la cultura y la Comisiòn Nacional Organizadora de estas magnas gestas literarias en el año de 2005, convoca a todos los escritores y escritoras residentes dentro o fuera de nuestro suelo patrio, a participar de acuerdo con las Bases de Competencia, ya sea nacional, zonal o departamental y de esa manera engrandecer la riqueza de las letras. |
| 650 ## - SUBJECT ADDED ENTRY--TOPICAL TERM | |
| Source of heading or term | LEMB |
| General subdivision | Letras |
| Geographic subdivision | El Salvador |
| 942 ## - ADDED ENTRY ELEMENTS (KOHA) | |
| Koha item type | Libros |
| Source of classification or shelving scheme | Dewey Decimal Classification |
| Withdrawn status | Lost status | Source of classification or shelving scheme | Damaged status | Not for loan | Collection code | Home library | Current library | Date acquired | Total Checkouts | Full call number | Barcode | Date last seen | Copy number | Price effective from | Koha item type |
|---|---|---|---|---|---|---|---|---|---|---|---|---|---|---|---|
| Dewey Decimal Classification | Referencia | Biblioteca UPAN San Vicente | Biblioteca UPAN San Vicente | 12/10/2023 | 340 C674d | 12002010 | 12/10/2023 | 01 | 12/10/2023 | Libros |